000 00654nam a2200205 i 4500
001 92389
003 ES-MaACL
005 20230906180948.0
007 t|
008 050307s1963 sp ||||1| spa d
100 1 _aLigier, Simón.
_972272
245 1 0 _aEnsayo de sicología pastoral del mundo obrero /
_cSimón Ligier; [versión de Fernando Acha].
260 _a[Bilbao] :
_bDesclee de Brouwer,
_c1963.
300 _a529 p. ;
_c21 cm.
490 1 _aBiblioteca de estudios pastorales
700 1 _aAcha, Fernando.
_918256
830 0 _aBiblioteca de estudios pastorales
_9181669
852 _aES-MaACL
_jC-23901
_bR.52603
999 _c92389
_d92389